00836nam a2200169Ia 4500008004100000040001800041041000800059110010000067245014200167260003600309300003700345500020900382650000900591650001900600650002400619650002300643130821s1994 ck gs spa  aCo-BoUCMbspa00aspa1 aColombia. Ministerio del Medio Ambiente. Departamento Tecnico Administrativo del Medio Ambiente10aManejo recurso hídricoc[videograbación]cMinisterio del Medio Ambiente. Departamento Tecnico Administrativo del Medio Ambiente. DAMA aBogotá (Colombia)bDAMAc1994 a1 videocasete vhs 30 min.e1 DVD aTrata del programa jungla de asfalto, manejo del recurso hídrico, necesidad de ahorro de energía, como estamos acostumbrados a desperciciar el agua, no le damos el valor que tiene. -- Con: Ahorro Agua04aAgua04aMedio ambiente04aRecursos hídricos04aRecursos naturales